Vocabulaire de tennis - Mort subite - Statistiques

Statistiques générales
  • Ce quiz a été pris 645 fois
    589 depuis la dernière actualisation
  • Le résultat moyen est 8 sur 13
Answers on the Grid
Answers color-coded by a green-red scale on the quiz's grid according to % correct below.
Ace
Break
Double faute
Slice
Chop
Arroser
Coup boisé
Cuillère
Love
Tweener
Prise marteau
Amortir
Let
Bâfrer
Krick
Peach shot
Drunk
Grippe
Service client
Prise électrique
Trash
 
Statistiques - réponses
Réponse % Correct
Ace
86%
Let
83%
Break
81%
Double faute
81%
Slice
79%
Cuillère
77%
Amortir
76%
Tweener
53%
Coup boisé
52%
Prise marteau
49%
Chop
42%
Arroser
23%
Love
16%
Aucun quiz correspondant
Distribution des résultats
% des personnes avec chaque résultat
Percentile par nombre de réponses
Votre historique - résultats
Vous n’avez pas pris ce quiz depuis la dernière actualisation